Les CER : une réussite scandaleuse (notice n° 1629770)

détails MARC
000 -LEADER
fixed length control field 01490cam a2200157 4500500
005 - DATE AND TIME OF LATEST TRANSACTION
control field 20260111102011.0
041 ## - LANGUAGE CODE
Language code of text/sound track or separate title fre
042 ## - AUTHENTICATION CODE
Authentication code dc
100 10 - MAIN ENTRY--PERSONAL NAME
Personal name Chenut, Martial
Relator term author
245 00 - TITLE STATEMENT
Title Les CER : une réussite scandaleuse
260 ## - PUBLICATION, DISTRIBUTION, ETC.
Date of publication, distribution, etc. 2005.<br/>
500 ## - GENERAL NOTE
General note 83
520 ## - SUMMARY, ETC.
Summary, etc. Résumé Cet article témoigne de l’expérience des cer qui peut, à bien des égards, s’apparenter à une réussite scandaleuse. Tout le monde peut mesurer, près de 10 ans après les premières expériences des uuer « à la Toubon », et 5 ans après la grande vague de création des cer « à la Jospin », les réels effets de cer, comme le dit Saül Karsz, qui ont troué la couche d’ozone de nos institutions éducatives avec des effets perturbants bénéfiques sur le climat général du travail éducatif en hébergement. Au-delà de cet effet palpable sur le paysage institutionnel, il y a la pertinence relevée de ces dispositifs par rapport aux objectifs qui leur étaient assignés, soit, pour faire court, « socialiser les sauvageons » voire leur apprendre la République, en les aidant (sous contrainte à dominante persuasive via le cadre pénal), à trouver une place acceptable dans le corps social, sous d’autres modalités que celles de l’agir délinquant. L’échec du cer, c’est sa réussite !
786 0# - DATA SOURCE ENTRY
Note Empan | 59 | 3 | 2005-09-01 | p. 40-49 | 1152-3336
856 41 - ELECTRONIC LOCATION AND ACCESS
Uniform Resource Identifier <a href="https://shs.cairn.info/revue-empan-2005-3-page-40?lang=fr&redirect-ssocas=7080">https://shs.cairn.info/revue-empan-2005-3-page-40?lang=fr&redirect-ssocas=7080</a>

Pas d'exemplaire disponible.

PLUDOC

PLUDOC est la plateforme unique et centralisée de gestion des bibliothèques physiques et numériques de Guinée administré par le CEDUST. Elle est la plus grande base de données de ressources documentaires pour les Étudiants, Enseignants chercheurs et Chercheurs de Guinée.

Adresse

627 919 101/664 919 101

25 boulevard du commerce
Kaloum, Conakry, Guinée

Réseaux sociaux

Powered by Netsen Group @ 2025